Building pathology (Record no. 104779)
[ view plain ]
| 000 -LEADER | |
|---|---|
| fixed length control field | 01364cam a2200253 4500 |
| 001 - CONTROL NUMBER | |
| control field | ##L131515 |
| 008 - FIXED-LENGTH DATA ELEMENTS--GENERAL INFORMATION | |
| fixed length control field | 051110n2005 000 0 eng u |
| 020 ## - INTERNATIONAL STANDARD BOOK NUMBER | |
| International Standard Book Number | 1904388574 |
| 035 ## - SYSTEM CONTROL NUMBER | |
| System control number | (Sirsi) u131515 |
| 041 0# - LANGUAGE CODE | |
| Language code of text/sound track or separate title | eng |
| 050 04 - LIBRARY OF CONGRESS CALL NUMBER | |
| Classification number | 690.25 $2 18 |
| 110 2# - MAIN ENTRY--CORPORATE NAME | |
| Corporate name or jurisdiction name as entry element | College of Estate Management |
| 9 (RLIN) | 400 |
| 245 00 - TITLE STATEMENT | |
| Title | Building pathology |
| Remainder of title | residential dwellings |
| 260 ## - PUBLICATION, DISTRIBUTION, ETC. | |
| Place of publication, distribution, etc. | Reading |
| Name of publisher, distributor, etc. | College of Estate Management |
| Date of publication, distribution, etc. | 2005 |
| 350 ## - PRICE (NR) (BK AM CF MU VM SE) [OBSOLETE] | |
| Price | 125 |
| 490 ## - SERIES STATEMENT | |
| Series statement | College of Estate Management Distance Learning Study Material for Licensed Home Inspectors |
| Volume/sequential designation | LHI3 |
| 505 2# - FORMATTED CONTENTS NOTE | |
| Formatted contents note | Common building defects -- Structural failures in traditionally built domestic buildings -- Maintenance of buildings -- Measurement -- Health and safety -- Introduction to conservation |
| 520 ## - SUMMARY, ETC. | |
| Summary, etc. | Aimed at those seeking to qualify as a home inspector this distance learning pack covers all aspects of residential building pathology. Each study paper is divided into sections while lists of expected learning outcomes are provided. |
| 520 ## - SUMMARY, ETC. | |
| Summary, etc. | Includes "Dilapidations- an introduction : a CPD study pack" (ISBN 1904388191) and "The house - UK domestic construction from medieval times to the present day : a CPD study pack" (ISBN 1899769641) which are available to borrow seperately. |
| 590 ## - LOCAL NOTE (RLIN) | |
| Local note | IKA170106 |
| 690 ## - LOCAL SUBJECT ADDED ENTRY--TOPICAL TERM (OCLC, RLIN) | |
| Topical term or geographic name as entry element | BUILT ENVIRONMENT-BUILDING PATHOLOGY |
| 942 ## - ADDED ENTRY ELEMENTS (KOHA) | |
| Suppress in OPAC | 0 |
| Withdrawn status | Lost status | Damaged status | Not for loan | Home library | Current library | Shelving location | Date acquired | Cost, normal purchase price | Total Checkouts | Full call number | Barcode | Date last seen | Date last checked out | Copy number | Cost, replacement price | Price effective from | Koha item type | Source of classification or shelving scheme |
|---|---|---|---|---|---|---|---|---|---|---|---|---|---|---|---|---|---|---|
| Missing | London | London | Missing | 17/01/2006 | 125.00 | 6 | ENQUIRY DESK | 30071892 | 06/08/2019 | 14/06/2006 | 2 | 125.00 | 06/08/2019 | Audio | ||||
| London | London | Basement | 17/01/2006 | 125.00 | 35 | ENQUIRY DESK | 30071902 | 06/08/2019 | 25/01/2010 | 3 | 125.00 | 06/08/2019 | Book | Dewey Decimal Classification | ||||
| London | London | Enquiry desk | 17/01/2006 | 125.00 | 43 | ENQUIRY DESK | 30071903 | 06/08/2019 | 25/02/2010 | 4 | 125.00 | 06/08/2019 | Audio | Dewey Decimal Classification | ||||
| London | London | Enquiry desk | 17/01/2006 | 125.00 | 39 | ENQUIRY DESK | 30071905 | 06/08/2019 | 03/12/2009 | 6 | 125.00 | 06/08/2019 | Audio | Dewey Decimal Classification |